Comision de mejores practicas : (Registro nro. 33116)

Detalles MARC
000 -LEADER
fixed length control field 01154nam a2200277 4500
001 - CONTROL NUMBER
control field 0000023906
003 - CONTROL NUMBER IDENTIFIER
control field CO-CtgCURN
005 - DATE AND TIME OF LATEST TRANSACTION
control field 20250429223943.0
007 - PHYSICAL DESCRIPTION FIXED FIELD--GENERAL INFORMATION
fixed length control field ta
008 - FIXED-LENGTH DATA ELEMENTS--GENERAL INFORMATION
fixed length control field 160627s2008 000 0 eng d
040 ## - CATALOGING SOURCE
Original cataloging agency CO-CtgCURN
Language of cataloging spa
Transcribing agency coctgcurn
082 0# - DEWEY DECIMAL CLASSIFICATION NUMBER
Classification number 378.861
Item number C733
245 00 - TITLE STATEMENT
Title Comision de mejores practicas :
Remainder of title informe final /
Statement of responsibility, etc. Martha Nubia Velasquez Rico ... [et al.] , coordinador, Gilberto Naranjo Pizano.
260 ## - PUBLICATION, DISTRIBUTION, ETC.
Place of publication, distribution, etc. Medellin :
Name of publisher, distributor, etc. Universidad de Antioquia,
Date of publication, distribution, etc. 2008.
300 ## - PHYSICAL DESCRIPTION
Extent 175 p.
336 ## - CONTENT TYPE
Source rdacontent
337 ## - MEDIA TYPE
Source rdamedia
Media type term sin mediacion
Media type code n
338 ## - CARRIER TYPE
Source rdacarrier
Carrier type term volumen
Carrier type code nc
504 ## - BIBLIOGRAPHY, ETC. NOTE
Bibliography, etc. note Incluye bibliografia p. (167-175)
505 8# - FORMATTED CONTENTS NOTE
Formatted contents note Desarrollo institucional -- Administración del estudiante -- Gestion de servicios academicos y del aprendizaje -- Gestion de la Investigación -- Servicios de extension a la comunidad -- Gestion administrativa -- Bienestar institucional
650 14 - SUBJECT ADDED ENTRY--TOPICAL TERM
Topical term or geographic name entry element Universidades
General subdivision Administración.
650 14 - SUBJECT ADDED ENTRY--TOPICAL TERM
Topical term or geographic name entry element Universidades
General subdivision Evaluacion.
908 ## - PUT COMMAND PARAMETER (RLIN)
Put command parameter 160627
942 ## - ADDED ENTRY ELEMENTS (KOHA)
Koha item type Libros
Classification part 378.861
Item part C733
Source of classification or shelving scheme Dewey Decimal Classification
Existencias
Withdrawn status Lost status Source of classification or shelving scheme Damaged status Not for loan Collection Home library Current library Shelving location Date acquired Inventory number Total checkouts Full call number Barcode Date last seen Price effective from Koha item type Public note
    Dewey Decimal Classification     General Miguel Henríquez Castañeda Miguel Henríquez Castañeda General 04/29/2025 004017   378.861 C733 004017 04/29/2025 04/29/2025 Libros 370-EDUCAC